Plan anual de desarrollo educativo municipal Valparaíso 1997

Sparad:
Bibliografiska uppgifter
Institutionell upphovsman: Corporación Municipal de Valparaíso para el Desarrollo Social (Författare, medförfattare)
Materialtyp: Bok
Språk:spanska
Publicerad: Valparaíso PADEM 1996
Ämnen:
Taggar: Lägg till en tagg
Inga taggar, Lägg till första taggen!

MARC

LEADER 00000nam a2200000 a 4500
001 UCO0462
003 CL-VaPUC
008 000420e19960000CL |||||||||||||||||spa|d
082 0 4 |a 379.2  |b COR  |2 21 
110 2 |a Corporación Municipal de Valparaíso para el Desarrollo Social  |e author  |9 441751 
245 1 0 |a Plan anual de desarrollo educativo municipal Valparaíso 1997 
300 |a 125 p 
651 0 |a Valparaíso, Chile  |9 261144 
942 |c BK 
945 |d 20000420 00:00:00  |a rbrito 
260 |a Valparaíso  |b PADEM  |c 1996 
650 0 |a Política educacional  |9 308011 
650 0 |a Educación básica   |9 224933 
583 |a last modification  |c 20000420 00:00:00  |k Rodrigo Vera 
999 |c 287162  |d 287160 
952 |0 0  |1 0  |4 0  |6 379_200000000000000_COR_1996  |7 0  |8 P  |9 333620  |a BIBEDU  |b BIBEDU  |c BIBEDU_PB  |d 2019-11-20  |i 3611531  |o 379.2 COR 1996  |p 3611531  |r 2024-01-25  |w 2019-11-20  |y BK  |k BME